Prometo ficar comigo (Registo nº 36994)

Detalhes MARC
000 -Etiqueta do registo
Valores 00685nam a2200241 4500
010 ## - Número ISBN
ISBN 9789895704927
021 ## - Número do Depósito Legal
Código do país Portugal
Número 549645/25
100 ## - Dados gerais de processamento
Dados gerais 20260213d2025 m y0pory50030103ba
101 0# - Língua de publicação
Língua Português
102 ## - País de publicação
País Portugal
200 1# - Titulo e menção de responsabilidade
Título próprio Prometo ficar comigo
Primeira menção de responsabilidade Isabel Baía Marques
210 #9 - Publicação
Local de publicação [S.l.]
Nome do editor Alma dos Livros
Data de publicação 2025
215 ## - Descrição física 
Paginação / Volumes 199 p.
Dimensões 24 cm
606 ## - Nome comum usado como assunto
ID Autoridade 3335
Palavra de ordem Psicologia
675 ## - CDU
Notação 159.923
Edição BN
Língua por
675 ## - CDU
Notação 159.942
Edição BN
Língua por
700 ## - Autor principal
Apelido Marques
Nome Isabel Baía
Datas 1987-
ID Autoridade 4656
801 #0 - Fonte de origem
País PT
Agência BN
Regras de catalogação RPC
856 41 - Localização e acesso electrónico 
URL <a href="http://rnod.bnportugal.gov.pt/ImagesBN/winlibimg.aspx?skey=&doc=2266690&img=219224&save=true">http://rnod.bnportugal.gov.pt/ImagesBN/winlibimg.aspx?skey=&doc=2266690&img=219224&save=true</a>
090 ## - Tipo de documento
Koha biblioitem number (autogenerated) 36994
990 ## - Elementos KOHA
Tipo de documento Livro
994 ## - Estado da catalogação
Situação Completo
Exemplares
Situação do levantamento Situação do extravio Biblioteca de origem Biblioteca de empréstimo Código de barras Cota Permissão de empréstimo Tipo de documento Forma de aquisição
  Completo Biblioteca Municipal de Viana Do Alentejo Biblioteca Municipal de Viana Do Alentejo 0035528 159.9 MAR Disponível Livro Compra




Powered by Koha